| 000 | 01099nam a2200253Ia 4500 | ||
|---|---|---|---|
| 003 | OSt | ||
| 005 | 20220930094934.0 | ||
| 006 | a|||||r|||| 00| 0 | ||
| 007 | ta | ||
| 008 | 220926b |||||||| |||| 00| 0 hin d | ||
| 024 | _a55975 | ||
| 037 | _cTheses | ||
| 040 |
_aCRL _cCRL _bhin |
||
| 041 |
_2hin _ahin |
||
| 100 | _aराजकुमारी, ले. | ||
| 110 |
_aदिल्ली विश्वविद्यालय. कला संकाय. हिंदी विभाग _9556837 |
||
| 245 | 0 | _aस्वातं×योत्तर हिंदी कथा-साहित्य में चित्रित गृहिणी जीवन का अध्ययन। | |
| 246 | _aSvātan×yottar hiandī kathā-sāhitya mean chitrit gṛuhiṇī jīvan kā adhyayana। | ||
| 260 | _c2016 | ||
| 300 |
_a246 पृ. _ap. _ccm. |
||
| 700 |
_aदिल्ली विश्वविद्यालय. कला संकाय. हिंदी विभाग _9556838 |
||
| 942 |
_cDIS _2CC |
||
| 999 |
_c888005 _d888005 |
||